| 000 | 00567nam a22001817a 4500 | ||
|---|---|---|---|
| 999 |
_c3235 _d3235 |
||
| 003 | OSt | ||
| 005 | 20210902091615.0 | ||
| 008 | 210902b ||||| |||| 00| 0 eng d | ||
| 020 | _a- | ||
| 040 | _cALUPE UNIVERSITY | ||
| 050 |
_aRJ281 _b.O36 1975 |
||
| 245 |
_aAtlas of the newborn. 2, Low-birth-weight babies. _cBy Neil OʹDoherty. |
||
| 260 |
_aLondon : _bRoche Products., _cc1975. |
||
| 300 | _a62 pages : color plates | ||
| 440 | _aAtlas of the newborn, 2 | ||
| 650 | _aNewborn infants. Infant, Newborn. Infant, Low Birth Weight. | ||
| 942 |
_2lcc _cREF _nJO |
||